000 00626nam a22001457a 4500
082 _a693.5021873
_cACI
100 _aACI Committee 318.
_950873
245 _aBuilding code requirements for structural concrete (ACI 318-02) and commentary an ACI standard
_breported by ACI Committee 318.
260 _aFarmington Hills, Mich. :
_bAmerican Concrete Institute,
_c2008.
300 _a467 p. :
_bill. ;
500 _a"Adopted ... October 27, 2004 to supersede ACI 318-02 in accordance with the Institute's standardization procedure."--P. 1.
505 _aCover title.
526 _a0
_b0
_c0
_d693_502187300000000
942 _2ddc
_cBK
999 _c553603
_d553603